| 000 | 00603nam a2200229Ia 4500 | ||
|---|---|---|---|
| 008 | 160803s9999 xx 000 0 und d | ||
| 020 | _a0 516222201 | ||
| 100 | _aBrimner, Larry Dane | ||
| 245 | _aHere comes trouble / | ||
| 245 | _cwritten by Larry Dane Brimner ; illustrated by Pablo Torrecilla. | ||
| 260 | _aNew York : | ||
| 260 | _bScholastic Inc. | ||
| 260 | _c2001 | ||
| 300 | _a31 pages : | ||
| 300 | _bcolor illustrations ; | ||
| 300 | _c18 cm. | ||
| 440 | _aRookie reader. | ||
| 650 | _aFriendship -- | ||
| 650 | _aStories in rhyme. | ||
| 650 | _xFiction. | ||
| 700 | _aBR | ||
| 999 |
_c299076 _d299076 |
||